000 00760nam a2200253Ia 4500
003 OSt
005 20220928130556.0
006 a|||||r|||| 00| 0
007 ta
008 220927b |||||||| |||| 00| 0 eng d
020 _cUKP 27.94
024 _a134457
037 _b58, 21/02/2017, Kiran Book Service
_cTextual
040 _aSDCL
_cSDCL
_beng
041 _2eng
_aeng
082 _aV5'L<-N, Q4
100 _aDaly Jonathan
_9474745
245 0 _aRise of western power
_b A comparative History of western civilization
260 _aNew Delhi
_bBloomsbury
_c2014
300 _axxi,642p.
_ccm.
650 _aHistory
942 _hV5'L<-N, Q4
_cTEXL
_2CC
999 _c787289
_d787289